000 00275nam a22001217a 4500
008 170426b xxu||||| |||| 00| 0 eng d
041 _aeng
080 _211 ED
_a54
100 _a12
101 _aSHM
245 _aNANDBOOK CHEMISTRY PHYSICS
_cHODGMAN.CH
942 _2udc
_cBK
999 _c12036
_d12036